The battlefields of the Prophet Muhammad (Record no. 188505)
[ view plain ]
| 000 -LEADER | |
|---|---|
| fixed length control field | 00887 a2200193 4500 |
| 003 - CONTROL NUMBER IDENTIFIER | |
| control field | Nust |
| 005 - DATE AND TIME OF LATEST TRANSACTION | |
| control field | 20221228131114.0 |
| 040 ## - CATALOGING SOURCE | |
| Transcribing agency | Nust |
| 082 ## - DEWEY DECIMAL CLASSIFICATION NUMBER | |
| Classification number | 297.72, HAM |
| 100 ## - MAIN ENTRY--PERSONAL NAME | |
| Personal name | Hamidullah, Muhammad, |
| 9 (RLIN) | 6037 |
| 245 ## - TITLE STATEMENT | |
| Title | The battlefields of the Prophet Muhammad |
| Remainder of title | Salla'llahu alaihi wa sallam |
| Statement of responsibility, etc. | Muhammad Hamidullah, |
| 250 ## - EDITION STATEMENT | |
| Edition statement | New Revised Edition |
| 260 ## - PUBLICATION, DISTRIBUTION, ETC. | |
| Place of publication, distribution, etc. | Huzaifah Publications |
| Name of publisher, distributor, etc. | Karachi Pakistan |
| Date of publication, distribution, etc. | 1979 |
| 300 ## - PHYSICAL DESCRIPTION | |
| Extent | 66 p |
| Other physical details | illus |
| Dimensions | digars |
| Accompanying material | 24 cm |
| 505 ## - FORMATTED CONTENTS NOTE | |
| Formatted contents note | Preliminary Remarks (Page-5), Badr (Page-13), Uhud (Page-22), Battle Of Ditch (Page-29), Conquestof Mecca (Page-37), Battles Of Hunain And Taif (Page-42), Wars With The Jews (Page-47), Military Intelligence In The Time Of Prophet Muhammad (Page-53), Military Department Of The Muslim State In The Time Of Prophet (Page-58). |
| 600 ## - SUBJECT ADDED ENTRY--PERSONAL NAME | |
| Personal name | Hamidullah, Muhammad, |
| 9 (RLIN) | 6037 |
| 650 ## - SUBJECT ADDED ENTRY--TOPICAL TERM | |
| Topical term or geographic name entry element | Holy War |
| 9 (RLIN) | 106205 |
| 942 ## - ADDED ENTRY ELEMENTS (KOHA) | |
| Source of classification or shelving scheme | |
| Koha item type | Book |
| Withdrawn status | Lost status | Source of classification or shelving scheme | Damaged status | Not for loan | Permanent Location | Current Location | Shelving location | Date acquired | Full call number | Barcode | Date last seen | Price effective from | Koha item type | Public note |
|---|---|---|---|---|---|---|---|---|---|---|---|---|---|---|
| Military College of Signals (MCS) | Military College of Signals (MCS) | General Stacks | 12/12/2016 | 297.72,HAM | MCS4098 | 12/08/2016 | 12/12/2016 | Book | Almirah No.47, Shelf No.5 |
